[Event "Rome Cittadino La Lupa"]
[Site "Rome"]
[Date "2011.05.05"]
[Round "1"]
[White "Di Carlo, Adriano"]
[Black "Bizzarro, Sofia"]
[Result "1-0"]
[WhiteElo "1713"]
[BlackElo "1384"]
[PlyCount "63"]
[EventDate "2011.05.05"]
[EventType "swiss"]
[EventRounds "7"]
[EventCountry "ITA"]
[SourceTitle "EXT 2024"]
[Source "ChessBase"]
[SourceDate "2023.10.10"]
[SourceVersion "1"]
[SourceVersionDate "2023.10.10"]
[SourceQuality "1"]

1. e4 c5 2. c3 Nc6 3. Nf3 e5 4. Bc4 Nf6 5. Ng5 d5 6. exd5 Na5 7. Bb5+ Bd7 8. Qe2 Bd6 9. d4 cxd4 10. b4 h6 11. Nf3 Nxd5 12. bxa5 Qxa5 13. Bxd7+ Kxd7 14. 0-0 Nxc3 15. Nxc3 Qxc3 16. Bd2 Qc5 17. Rab1 b6 18. Rb5 Qc7 19. Nxe5+ Bxe5 20. Rxe5 Rhe8 21. Rd5+ Kc8 22. Qxe8+ Kb7 23. Qe4 Ka6 24. Qxd4 Qc6 25. Rc1 Qe8 26. Qc4+ Kb7 27. Qc7+ Ka6 28. Rc4 f6 29. Ra5+ bxa5 30. Rc6+ Kb5 31. Qb7+ Ka4 32. Qb3# 1-0

[Event "Rome Nobile Memorial 4th"]
[Site "Rome"]
[Date "2011.02.24"]
[Round "7"]
[White "Di Carlo, Adriano"]
[Black "Bogosavljevic, Miodrag"]
[Result "1-0"]
[WhiteElo "1765"]
[BlackElo "1898"]
[PlyCount "51"]
[EventDate "2011.01.13"]
[EventType "swiss"]
[EventRounds "7"]
[EventCountry "ITA"]
[SourceTitle "EXT 2012"]
[Source "ChessBase"]
[SourceDate "2011.11.24"]
[SourceVersion "1"]
[SourceVersionDate "2011.11.24"]
[SourceQuality "1"]

1. e4 c5 2. c3 d5 3. exd5 Qxd5 4. d4 e6 5. Na3 cxd4 6. Nb5 Qd8 7. Bf4 Na6 8. Nf3 Nf6 9. Nbxd4 Bd6 10. Nxe6 Bxe6 11. Qxd6 Qxd6 12. Bxd6 Rd8 13. Bb5+ Nd7 14. 0-0-0 f6 15. Nd4 Kf7 16. Nxe6 Kxe6 17. Bc4+ Kf5 18. f4 Nac5 19. g4+ Kg6 20. h4 h6 21. f5+ Kh7 22. g5 Rde8 23. gxf6 gxf6 24. Bb5 a6 25. Bxd7 Nxd7 26. Bc7 1-0

[Event "Rome Accademia Inverno op"]
[Site "Rome"]
[Date "2011.02.13"]
[Round "5"]
[White "Di Carlo, Adriano"]
[Black "Pitrelli, Antonio"]
[Result "0-1"]
[WhiteElo "1765"]
[BlackElo "1937"]
[PlyCount "96"]
[EventDate "2011.02.11"]
[EventType "swiss"]
[EventRounds "5"]
[EventCountry "ITA"]
[SourceTitle "EXT 2023"]
[Source "ChessBase"]
[SourceDate "2022.10.05"]
[SourceVersion "1"]
[SourceVersionDate "2022.10.05"]
[SourceQuality "1"]

1. e4 e6 2. d4 d5 3. exd5 exd5 4. c4 Nf6 5. Nf3 dxc4 6. Bxc4 Bd6 7. 0-0 0-0 8. Be3 Nc6 9. Nc3 a6 10. Re1 Bg4 11. h3 Bh5 12. Be2 h6 13. a3 Bg6 14. Qd2 Qd7 15. Bc4 Rad8 16. Rad1 Rfe8 17. Qc1 Qc8 18. Nh4 Ne7 19. Nxg6 Nxg6 20. Qc2 Kf8 21. b4 Nf4 22. Bf1 Qd7 23. Qd2 Qf5 24. Rb1 N6d5 25. Nxd5 Nxd5 26. b5 Bxa3 27. bxa6 bxa6 28. Qa5 Bd6 29. Bd2 Rxe1 30. Rxe1 Ne7 31. Qxa6 Ng6 32. Qb7 Kg8 33. Qb3 Nf8 34. Bd3 Qf6 35. Qc4 Ne6 36. Bc3 Qf4 37. Be4 Qh2+ 38. Kf1 Nf4 39. g3 Nxh3 40. Bg2 Qg1+ 41. Ke2 Qxf2+ 42. Kd1 Qxg2 43. d5 Nf2+ 44. Kc1 Rb8 45. Qd4 Ba3+ 46. Kc2 Ne4+ 47. Kd3 Nxc3 48. Qxc3 Qxd5+ 0-1

[Event "Rome Accademia Inverno op"]
[Site "Rome"]
[Date "2011.02.12"]
[Round "3"]
[White "Di Carlo, Adriano"]
[Black "Gerlando, Onofrio"]
[Result "1-0"]
[WhiteElo "1765"]
[BlackElo "1620"]
[PlyCount "99"]
[EventDate "2011.02.11"]
[EventType "swiss"]
[EventRounds "5"]
[EventCountry "ITA"]
[SourceTitle "EXT 2023"]
[Source "ChessBase"]
[SourceDate "2022.10.05"]
[SourceVersion "1"]
[SourceVersionDate "2022.10.05"]
[SourceQuality "1"]

1. e4 e5 2. Nf3 Nc6 3. d4 exd4 4. Bc4 h6 5. Nxd4 Nge7 6. Bf4 d6 7. c3 g6 8. Qf3 f5 9. Ne6 Bxe6 10. Bxe6 Bg7 11. Nd2 Ne5 12. Qe2 a6 13. 0-0-0 fxe4 14. Nxe4 Rf8 15. Bxe5 Bxe5 16. Nc5 Nc6 17. Bd5 Qg5+ 18. Kb1 dxc5 19. Bxc6+ bxc6 20. Rhe1 Rb8 21. g3 Qf5+ 22. Kc1 Rf7 23. Qxe5+ Qxe5 24. Rxe5+ Kf8 25. f4 c4 26. Re6 Kg7 27. Rxc6 Re7 28. Rxc4 Rb7 29. Rd2 Re1+ 30. Kc2 Kf6 31. Rc6+ Kf5 32. Rxa6 g5 33. fxg5 hxg5 34. b4 Kg4 35. a4 c5 36. b5 Rf7 37. Ra8 Rff1 38. Kb3 Re4 39. Rc8 Rb1+ 40. Rb2 Ra1 41. b6 Rexa4 42. b7 c4+ 43. Rxc4+ Kh3 44. Rxa4 g4 45. Rg2 Rb1+ 46. Rb2 Ra1 47. Rxg4 Ra4 48. Kxa4 Kxg4 49. b8Q Kf3 50. Qf4# 1-0

[Event "Rome Accademia Inverno op"]
[Site "Rome"]
[Date "2011.02.11"]
[Round "2"]
[White "Barletta, Antonio"]
[Black "Di Carlo, Adriano"]
[Result "1-0"]
[WhiteElo "2010"]
[BlackElo "1765"]
[PlyCount "51"]
[EventDate "2011.02.11"]
[EventType "swiss"]
[EventRounds "5"]
[EventCountry "ITA"]
[SourceTitle "EXT 2023"]
[Source "ChessBase"]
[SourceDate "2022.10.05"]
[SourceVersion "1"]
[SourceVersionDate "2022.10.05"]
[SourceQuality "1"]

1. e4 c6 2. Nc3 d5 3. Nf3 dxe4 4. Nxe4 Nf6 5. Nxf6+ gxf6 6. g3 Bf5 7. Bg2 Na6 8. d3 e5 9. 0-0 Qd7 10. Re1 0-0-0 11. Qe2 h5 12. Be3 Kb8 13. a3 Bd6 14. b4 Bg4 15. Qf1 Nc7 16. c4 f5 17. c5 Bxf3 18. cxd6 Bxg2 19. dxc7+ Qxc7 20. Kxg2 f4 21. Bc1 Qd6 22. Rxe5 fxg3 23. hxg3 h4 24. Bf4 hxg3 25. Re4 Rh2+ 26. Kxg3 1-0

[Event "Rome Nobile Memorial 4th"]
[Site "Rome"]
[Date "2011.01.25"]
[Round "3"]
[White "Tamburrini, Andrea"]
[Black "Di Carlo, Adriano"]
[Result "0-1"]
[WhiteElo "1505"]
[BlackElo "1765"]
[PlyCount "62"]
[EventDate "2011.01.13"]
[EventType "swiss"]
[EventRounds "7"]
[EventCountry "ITA"]
[SourceTitle "EXT 2012"]
[Source "ChessBase"]
[SourceDate "2011.11.24"]
[SourceVersion "1"]
[SourceVersionDate "2011.11.24"]
[SourceQuality "1"]

1. d4 Nf6 2. Nf3 c5 3. g3 e6 4. Bg2 Nc6 5. 0-0 d5 6. Nc3 Be7 7. Bf4 a6 8. Na4 Nd7 9. b3 b5 10. Nb2 c4 11. c3 0-0 12. Ne1 Qb6 13. e4 dxe4 14. Bxe4 Nf6 15. Bg2 Nd5 16. Qc2 Nxf4 17. gxf4 cxb3 18. axb3 Bb7 19. Nf3 Qc7 20. Ne5 Nxd4 21. Qd3 Bxg2 22. Kxg2 Nxb3 23. Rad1 Rfd8 24. Qf3 Rac8 25. c4 Nd2 26. Qh5 g6 27. Qh6 Nxf1 28. Rxf1 Rd2 29. Rd1 Rxb2 30. Rd7 Qc5 31. Nd3 Qc6+ 0-1

[Event "Rome ASR op"]
[Site "Rome"]
[Date "2010.09.30"]
[Round "4"]
[White "Di Carlo, Adriano"]
[Black "De Santis, Emilio"]
[Result "1-0"]
[WhiteElo "1389"]
[BlackElo "1875"]
[PlyCount "54"]
[EventDate "2010.09.16"]
[EventType "swiss"]
[EventRounds "5"]
[EventCountry "ITA"]
[SourceTitle "EXT 2024"]
[Source "ChessBase"]
[SourceDate "2023.10.10"]
[SourceVersion "1"]
[SourceVersionDate "2023.10.10"]
[SourceQuality "1"]

1. e4 e6 2. d4 d5 3. exd5 exd5 4. Nf3 Nf6 5. Bd3 Bd6 6. 0-0 0-0 7. Re1 Bg4 8. Bg5 h6 9. Bxf6 Qxf6 10. Nbd2 c5 11. Be2 cxd4 12. Nb3 Bb4 13. Nfd2 Be6 14. a3 Bxd2 15. Qxd2 Nc6 16. Bb5 a6 17. Bxc6 bxc6 18. Qxd4 Qg6 19. Qc3 Bf5 20. Re2 Rfd8 21. Nd4 Rac8 22. Qc5 Bh3 23. f3 Re8 24. Rae1 Rxe2 25. Rxe2 Bd7 26. Qe7 Bf5 27. Qb7 c5 1-0

[Event "Rome ASR op"]
[Site "Rome"]
[Date "2010.09.20"]
[Round "2"]
[White "Di Carlo, Adriano"]
[Black "Dorascenzi, Angelo"]
[Result "1/2-1/2"]
[WhiteElo "1389"]
[BlackElo "1407"]
[PlyCount "56"]
[EventDate "2010.09.16"]
[EventType "swiss"]
[EventRounds "5"]
[EventCountry "ITA"]
[SourceTitle "EXT 2024"]
[Source "ChessBase"]
[SourceDate "2023.10.10"]
[SourceVersion "1"]
[SourceVersionDate "2023.10.10"]
[SourceQuality "1"]

1. e4 e5 2. Nf3 Nc6 3. d4 exd4 4. Nxd4 Bc5 5. Be3 d6 6. Nxc6 bxc6 7. Bxc5 dxc5 8. Qxd8+ Kxd8 9. Bc4 f6 10. Nd2 Ne7 11. Rd1 Ke8 12. 0-0 a5 13. Rfe1 Ng6 14. Nf3 Bg4 15. Re3 Ne5 16. Bb3 a4 17. Bf7+ Kxf7 18. Nxe5+ fxe5 19. f3 Be6 20. Red3 Rhe8 21. b3 c4 22. Re3 axb3 23. axb3 Ra3 24. g4 Rb8 25. Kf2 Ke7 26. Kg3 cxb3 27. cxb3 Raxb3 28. Rxb3 Rxb3 1/2-1/2